书目信息 |
| 题名: |
故障预测与健康管理关键技术及应用
|
|
| 作者: | 齐子元 , 邓士杰 , 刘兆丰 主编 | |
| 分册: | ||
| 出版信息: | 北京 北京理工大学出版社 2025.01 |
|
| 页数: | 174页 | |
| 开本: | 24cm | |
| 丛书名: | ||
| 单 册: | ||
| 中图分类: | TB114.37 | |
| 科图分类: | ||
| 主题词: | 寿命评价--shou ming ping jia | |
| 电子资源: | ||
| ISBN: | 978-7-5763-4723-4 | |
| 000 | 01489nam0 2200289 450 | |
| 001 | 97624 | |
| 005 | 20250919184435.09 | |
| 010 | @a978-7-5763-4723-4@dCNY66.00 | |
| 100 | @a20250418d2025 em y0chiy50 ea | |
| 101 | 0 | @achi |
| 102 | @aCN@b110000 | |
| 105 | @aa a 000yy | |
| 106 | @ar | |
| 106 | @ar | |
| 200 | 1 | @a故障预测与健康管理关键技术及应用@Agu zhang yu ce yu jian kang guan li guan jian ji shu ji ying yong@d= Key technologies and applications of fault prediction and health management@f齐子元, 邓士杰, 刘兆丰主编@zeng |
| 210 | @a北京@c北京理工大学出版社@d2025.01 | |
| 215 | @a174页@c图@d24cm | |
| 320 | @a有书目 (第165-174页) | |
| 330 | @a本书系统阐述了故障预测与健康管理技术国内外研究应用现状、装备使用寿命预测与健康管理技术体系架构、装备健康状态评估方法和剩余使用寿命预测方法, 对提高装备的精确化维修保障具有重要的现实意义。全书共8章, 包括绪论、故障预测与健康管理技术体系架构、故障预测与健康管理系统相关标准与建模技术验证、健康状态评估流程设计和评估指标体系构建、装备健康状态综合评估方法及应用、装备剩余使用寿命预测方法及应用、基于剩余使用寿命预测的装备维修决策研究、PHM系统典型应用案例分析等内容。 | |
| 510 | 1 | @aKey technologies and applications of fault prediction and health management@zeng |
| 606 | 0 | @a寿命评价@Ashou ming ping jia |
| 690 | @aTB114.37@v5 | |
| 701 | 0 | @a齐子元@Aqi zi yuan@4主编 |
| 701 | 0 | @a邓士杰@Adeng shi jie@4主编 |
| 701 | 0 | @a刘兆丰@Aliu zhao feng@4主编 |
| 801 | 0 | @aCN@c20250909 |
| 905 | @a河南城建学院图书馆@dTB114.37@eQ080@f1 | |
| 故障预测与健康管理关键技术及应用= Key technologies and applications of fault prediction and health management/齐子元, 邓士杰, 刘兆丰主编.-北京:北京理工大学出版社,2025.01 |
| 174页:图;24cm |
| ISBN 978-7-5763-4723-4:CNY66.00 |
| 本书系统阐述了故障预测与健康管理技术国内外研究应用现状、装备使用寿命预测与健康管理技术体系架构、装备健康状态评估方法和剩余使用寿命预测方法, 对提高装备的精确化维修保障具有重要的现实意义。全书共8章, 包括绪论、故障预测与健康管理技术体系架构、故障预测与健康管理系统相关标准与建模技术验证、健康状态评估流程设计和评估指标体系构建、装备健康状态综合评估方法及应用、装备剩余使用寿命预测方法及应用、基于剩余使用寿命预测的装备维修决策研究、PHM系统典型应用案例分析等内容。 |
| ● |
| 相关链接 |
|
|
|
正题名:故障预测与健康管理关键技术及应用
索取号:TB114.37/Q080
 
预约/预借
| 序号 | 登录号 | 条形码 | 馆藏地/架位号 | 状态 | 备注 |
| 1 | 1638670 | 216386701 | 自科库501/501自科库 2排1列5层/ [索取号:TB114.37/Q080] | 在馆 |